Рукопись проекта об управлении в Сербском княжестве /начинается с 4 главы и до 17 главы/ на сербском яз.

Доступно только в Электронных читальных залах Найти на картеНа карте
RUSMARC
00004174nac2a22002773x 450
0017c64d0a9-2c9c-4400-9325-ed2c128a9132
00520211220192939.0
100##$a20211122l1821 k y0rusy50 ca
1010#$arus
102##$aRU
105##$ay z |||||
1222#$ad18211231
$ad18911231
2001#$aРукопись проекта об управлении в Сербском княжестве /начинается с 4 главы и до 17 главы/ на сербском яз.
$j[18--]
215##$a12 листов
251##$cДело
300##$aЗаголовок дела на папке: Рукопись проекта об управлении в Сербском княжестве (не имеет ни начала (с 4-й главы до 17-й главы) ни конца)
300##$aНа папке дела дата не указана
300##$aРукописный текст
330##$aВходит в раздел описи: 7. Литературные материалы
461#0$1001702d5e87-6901-4c63-8165-d848da7b6444
$12001
$aАрцимович Виктор Антонович, сенатор, Тобольский (1854-1858 гг.) и Калужский (1858-1862 гг.) губернатор, вице-председатель государственного совета Царства Польского (С 1863 г.)
$1251
$cФонд
$1852
$j815
462#0$1001559b76c2-49f1-4f4f-bd3c-238599c7510c
$12001
$aДела постоянного хранения. 1821-1891
$vД. 502
$1251
$cОпись
$1852
$j1
5171#$aРукопись проекта об управлении в Сербском княжестве (не имеет ни начала (с 4-й главы до 17-й главы) ни конца)
600#1$aАрцимович
$bВ. А.
$gВиктор Антонович
801#0$aRU
$bGA_RF
801#1$aRU
$bГлавНИВЦ
$c20211122
$2rusmarc
801#2$aRU
$bПБ им. Б.Н. Ельцина
$c20211220
$gRCR
$2rusmarc
852##$aГА РФ
$j502
937##$d171866965
$hГАРФ
035##$aRuPRLIB51062104
856##$uhttp://readingroom.main.prlib.ru/item.aspx?id_node=n171866965&mode=full
Формат отображения